00745nam a2200241Ia 45000010006000000050017000060070003000230080041000260200007000670400025000740410008000990820022001071000019001292450071001482500014002192600044002333000019002776530033002966530014003299420012003439520131003559990017004863086020240114001504.0ta060727s1963 g b000 u 346 u cHB aCotton College,Assam a346 a891.4409bSe 55 B aSen, Sukumar . 0aBangala Sahityer Itihash Vol. 4 /cSukumar Sen.hTextual Documents a1st ed. / aCalcutta :bEastern Publishers ,c1963. a440p. ;c22cm. aBengali Literature-Criticism aG-Bengali 2ddccBK 001040708Circulation (G)aSKBLbSKBLd2012-02-01f00000l0o891.4409 Se 55 Bp51359r2024-01-14 00:00:00t1w2012-02-01yBK c30842d30842